000 00889nam0a22002531 4500
001 rc\1004318
005 20250622073701.0
035 _a(NLR Aleph) 006170289
090 _a5957243
_c5957243
100 _a20041129d1981 |||y0rusy50 ca
101 0 _arus
102 _aRU
105 _ay |||||||||
200 1 _aПроизводственная санитария на объектах геолого-разведочных работ
210 _aИркутск
_cИПИ
_d1981
215 _a97 с.
_d19
300 _aВ надзаг.: М-во высш. и сред. спец. образования РСФСР, Иркут. политехн. ин-т
320 _aБиблиогр.: с. 95-97
700 1 _aШиршков
_bА.И.
_gАлександр Иванович
801 0 _aRU
_bNLR
_gpsbo
801 1 _aRU
_bELAR
_2rusmarc
852 _aNLR
_j82-4/5878
942 _cBOOK
980 _aNB